Estadísticas para Semana Santa Cádiz

Haz click aquí para intentar la prueba.

Estadísticas generales

  • Esta prueba ha sido intentada 46 veces
  • La puntuación promedio es 24 de 32

Estadísticas de respuestas

% Correcto
Domingo de RamosLa Borriquita
94%
Jesús Despojado
88%
Domingo de ResurrecciónResucitado
88%
Oración en el Huerto
84%
Nazareno
81%
Afligidos
78%
MadrugáEl Perdón
78%
Jueves SantoMedinaceli
78%
Humildad y Paciencia
78%
Viernes de DoloresLos Servitas
78%
Lunes SantoNazareno del Amor
78%
Santo Entierro
78%
Vera Cruz
78%
Buena Muerte
75%
Cigarreras
75%
El Caminito
75%
El Prendimiento
75%
Expiración
75%
EcceHomo
75%
La Columna
75%
La Palma
75%
Miércoles SantoLas Aguas
75%
Las Penas
75%
Sábado de PasiónNazareno de la Obediencia
75%
Martes SantoSanidad
75%
La Cena
72%
Sentencia
72%
El Caído
69%
Piedad
69%
Viernes SantoSiete Palabras
69%
Descendimiento
63%
Sábado SantoSoledad
38%

Distribución de puntuación

Porcentaje por número respondido

Porcentaje de gente con cada puntuación

Historial de tus puntuaciones

No has intentado esta prueba.